| 000 | 00315nam a2200121Ia 4500 | ||
|---|---|---|---|
| 008 | 240731s9999 xx 000 0 und d | ||
| 022 | _a1939-845X | ||
| 245 | 0 | _aQualitative Research in Sport and Exercise | |
| 260 | _bRoutledge | ||
| 856 | _uhttps://www.tandfonline.com/loi/rqrs20 | ||
| 942 | _2ddc | ||
| 942 | _cTFEJ | ||
| 999 |
_c79100 _d79100 |
||
| 945 |
_a1 _bMadushi Gamage _c1 _dMadushi Gamage |
||